The tombs / Clive Cussler and Thomas Perry.
Husband-and-wife team Sam and Remi Fargo are intrigued when an archaeologist friend requests their help excavating a top secret historical site. What they find will set them on a hunt for a prize greater than they could ever imagine. The clues point to the hidden tomb of Attila the Hun, the High King who was reportedly buried with a vast fortune of gold and jewels. The Fargos find themselves pitted against a group of treasure hunters, a cunning Russian businessman, and a ruthless Hungarian.
Record details
- ISBN: 9781611761375
- ISBN: 1611761379
- ISBN: 9780451486417
- ISBN: 0451486412
- Physical Description: 9 audio discs (11 hr.) : digital ; 4 3/4 in.
- Edition: Unabridged.
- Publisher: New York, NY : Penguin Audio, ℗2012.
Content descriptions
| General Note: | Compact disc. |
| Creation/Production Credits Note: | Executive producer, Patti Pirooz ; produced and directed by John McElroy. |
| Participant or Performer Note: | Read by Scott Brick. |
Search for related items by subject
| Subject: | Archaeologists > Fiction. Tombs > Fiction. Treasure troves > Fiction. Hungary > Fiction. Italy > Fiction. France > Fiction. Russia > Fiction. Kazakhstan > Fiction. Buried treasure > Fiction. |
| Genre: | Adventure stories, American. Mystery fiction. Suspense fiction. Audiobooks. |
Search for related items by series
Available copies
- 1 of 1 copy available at scottsboropl.
Holds
- 0 current holds with 1 total copy.
Other Formats and Editions
Show Only Available Copies
| Location | Call Number / Copy Notes | Barcode | Shelving Location | Status | Due Date |
|---|---|---|---|---|---|
| scottsboropl | Bk/CD Cus | 32269001032492 | Adult - Audiobook | Available | - |
| LDR | 02358cim a2200553Ia 4500 | ||
|---|---|---|---|
| 001 | 144161 | ||
| 003 | CONS | ||
| 005 | 20200427073023.0 | ||
| 008 | 120419s2012 nyunnnn f n eng d | ||
| 007 | sd fungnnmmneu | ||
| 020 | . | ‡a9781611761375 | |
| 020 | . | ‡a1611761379 | |
| 020 | . | ‡a9780451486417 | |
| 020 | . | ‡a0451486412 | |
| 035 | . | ‡a(CPomAG)LMN601272 | |
| 043 | . | ‡ae-hu--- ‡ae-it--- ‡ae-fr--- ‡ae-ur--- ‡aa-kz--- | |
| 050 | 4. | ‡aPS3553.U75 ‡bT66 2012ab | |
| 082 | 0 | 4. | ‡a813/.54 ‡223 |
| 100 | 1 | . | ‡aCussler, Clive, ‡d1931-2020. |
| 245 | 1 | 4. | ‡aThe tombs / ‡cClive Cussler and Thomas Perry. |
| 250 | . | ‡aUnabridged. | |
| 260 | . | ‡aNew York, NY : ‡bPenguin Audio, ‡c℗2012. | |
| 300 | . | ‡a9 audio discs (11 hr.) : ‡bdigital ; ‡c4 3/4 in. | |
| 336 | . | ‡aspoken word ‡bspw ‡2rdacontent | |
| 337 | . | ‡aaudio ‡bs ‡2rdamedia | |
| 338 | . | ‡aaudio disc ‡bsd ‡2rdacarrier | |
| 490 | 1 | . | ‡aA Sam and Remi Fargo adventure ; ‡v |
| 500 | . | ‡aCompact disc. | |
| 511 | 0 | . | ‡aRead by Scott Brick. |
| 520 | . | ‡aHusband-and-wife team Sam and Remi Fargo are intrigued when an archaeologist friend requests their help excavating a top secret historical site. What they find will set them on a hunt for a prize greater than they could ever imagine. The clues point to the hidden tomb of Attila the Hun, the High King who was reportedly buried with a vast fortune of gold and jewels. The Fargos find themselves pitted against a group of treasure hunters, a cunning Russian businessman, and a ruthless Hungarian. | |
| 508 | . | ‡aExecutive producer, Patti Pirooz ; produced and directed by John McElroy. | |
| 650 | 0. | ‡aArchaeologists ‡vFiction. | |
| 650 | 0. | ‡aTombs ‡vFiction. | |
| 650 | 0. | ‡aTreasure troves ‡vFiction. | |
| 651 | 0. | ‡aHungary ‡vFiction. | |
| 651 | 0. | ‡aItaly ‡vFiction. | |
| 651 | 0. | ‡aFrance ‡vFiction. | |
| 651 | 0. | ‡aRussia ‡vFiction. | |
| 651 | 0. | ‡aKazakhstan ‡vFiction. | |
| 650 | 1. | ‡aBuried treasure ‡vFiction. | |
| 655 | 0. | ‡aAdventure stories, American. | |
| 655 | 7. | ‡aMystery fiction. ‡2gsafd | |
| 655 | 7. | ‡aSuspense fiction. ‡2gsafd | |
| 655 | 7. | ‡aAudiobooks. ‡2lcgft | |
| 700 | 1 | . | ‡aPerry, Thomas, ‡d1947- |
| 700 | 1 | . | ‡aBrick, Scott, ‡enarrator. |
| 800 | 1 | . | ‡aCussler, Clive. ‡tFargo adventures (Sound recording) ‡v4 |
| 959 | . | ‡i32269001032492 ‡lBk/CD Cus ‡aAdult - Audiobook ‡tAudiobook ‡g45.00 ‡omystery | |
| 852 | . | ‡p32269001032492 ‡jBk/CD Cus ‡gAdult - Audiobook ‡cAudiobook ‡y45.00 ‡bSBPL | |
| 901 | . | ‡a144161 ‡bUnknown ‡c144161 ‡tbiblio | |